Normal view
MARC view
Entry Personal Name
001 - CONTROL NUMBER
- control field: 59861
003 - CONTROL NUMBER IDENTIFIER
- control field: dpl
005 - DATE AND TIME OF LATEST TRANSACTION
- control field: 20231214151539.0
008 - FIXED-LENGTH DATA ELEMENTS
- fixed length control field: 231214|| aca||aabn | a|a d
040 ## - CATALOGING SOURCE
- Original cataloging agency: dpl
- Transcribing agency: dpl
100 ## - HEADING--PERSONAL NAME
- Personal name: Dhaka,Baljit
670 ## - SOURCE DATA FOUND
- Source citation: Work cat.: (dpl)199521: Dhaka,Baljit, SSC Maths 6800+TCS-MCQ/, 2023
